Score 0/16 Timer 03:00
0 Plays Today
Hint(s) 3 Letter Ladder % Correct
Capital city of Germany (6 letter word)►BER  
93.6%
◄ Certainly not good / ► Compete for an auction lot BAD 
91.3%
◄ Place for sleeping / ► Place for trash BED 
90.3%
Capital city of Spain (6 letter word)►MAD  
90.1%
◄ __ Angeles, California / ► Archer's weapon LOS 
87.7%
Capital city of United Kingdom (6 letter word)►LON  
84.6%
Capital city of Russia (6 letter word)►MOS  
84.5%
◄ Place for experiments / ► __ Hard - Bruce Willis film series LAB 
82.4%
Hint(s) 3 Letter Ladder % Correct
Capital city of Republic of Ireland (6 letter word)►DUB  
78.7%
Capital city of Portugal (6 letter word)►LIS  
78.4%
◄ SAT, SUN, __, TUE... / ► Trick, swindle MON 
77.5%
◄ Apply lightly / ► Conceal the truth DAB 
73.2%
◄ Prefix for night or day / ► Fishing stick MID 
72.1%
◄ Part of HRH when it's a prince / ► Father's boy HIS 
68.4%
◄ Concealed from view / ► Clump of grass HID 
68.3%
◄ Small PC link-up (abbr) / ► Loud Noise LAN 
66.4%

Today's Daily Dose

Missing Word
I Hardly Know Her!

Word Ladder
Sentence Ending

Quick Pick
Female Firsts

Get the Picture
Triathlon Sports

Remove Ads.
Support Sporcle.
Get the best of Sporcle when you Go Orange. This ad-free experience offers more features, more stats, and more fun while also helping to support Sporcle. Thank you for becoming a member.

You're not logged in!

Compare scores with friends on all Sporcle quizzes.
OR
Log In

Show Comments

Extras

Top Quizzes Today


Score Distribution

Your Account Isn't Verified!

In order to create a playlist on Sporcle, you need to verify the email address you used during registration. Go to your Sporcle Settings to finish the process.

Report this User

Report this user for behavior that violates our Community Guidelines.

Details: